000 00709 a2200205 4500
999 _c7501
_d7501
010 _aENG-88024
020 _c175.00
_a8183600042
035 _aEN-71557
037 _bDBAD / PUB
082 1 4 _a658.5
100 _aChauhan, A. S.
245 1 _aEngineering management:
_cby A.S.Chauhan [and] R.S.Vaishwanar
_bas per the prescribed syllabus for AMIE Section-B and other professional exams.(IITs, RED, BBA, MBA, PGDBM & IETE) /
250 _a3rd rev. ed
260 _aNew Delhi
_bJain Brothers
_c2007
270 _a16/873, East Park Road,
_bNew Delhi
_e110 005
300 _a797p.
_c22cm (pbk)
500 _aIncludes index
700 _aVaishwanar, R.S.
942 _adpl
_cEN
_2ddc
_h658.5
_mVAI